Návrh opatrení na inováciu nástrojov marketingového mixu v spoločnosti VETROPACK NEMŠOVÁ s.r.o.
Na minha lista:
| Autor principal: | |
|---|---|
| Outros Autores: | |
| Formato: | Manuscrito Livro |
| Idioma: | eslovaco |
| Publicado em: |
2015
|
| Assuntos: | |
| Acesso em linha: | http://is.stuba.sk/zp/portal_zp.pl?podrobnosti=121123 |
| Tags: |
Sem tags, seja o primeiro a adicionar uma tag!
|
MARC
| LEADER | 00000ntm a22000003a 4500 | ||
|---|---|---|---|
| 001 | stuzp50062 | ||
| 003 | SK-STU | ||
| 005 | 20160719153439.4 | ||
| 007 | ta | ||
| 008 | 150427s2015----xo-----f-mn---000-0-slo-d | ||
| 040 | |a STU |b slo | ||
| 041 | 0 | |a slo | |
| 100 | 1 | |a Rudnický, Tomáš |u 064000 |4 aut |U MTF Materiálovotechnologická fakulta |T MTF Ústav priemyselného inžinierstva a manažmentu |X 47258 |U M4000 |Y 84 |7 47258 | |
| 242 | 0 | 1 | |a Suggestion measures of innovation tools of marketing mix of company VETROPACK NEMŠOVÁ s.r.o. |y eng |
| 245 | 1 | 0 | |a Návrh opatrení na inováciu nástrojov marketingového mixu v spoločnosti VETROPACK NEMŠOVÁ s.r.o. |
| 260 | |c 2015 | ||
| 650 | 4 | |a marketingový mix |2 slo | |
| 650 | 4 | |a cena |2 slo | |
| 650 | 4 | |a distribúcia |2 slo | |
| 650 | 4 | |a propagácia |2 slo | |
| 650 | 4 | |a produkt |2 slo | |
| 650 | 4 | |a distribution |2 eng | |
| 650 | 4 | |a promotion |2 eng | |
| 650 | 4 | |a marketing mix |2 eng | |
| 650 | 4 | |a product |2 eng | |
| 650 | 4 | |a price |2 eng | |
| 700 | 1 | |a Babčanová, Dagmar |4 ths |X 2819 |7 A000002819 | |
| 856 | 4 | |u http://is.stuba.sk/zp/portal_zp.pl?podrobnosti=121123 | |
| 996 | |c M* BP-7293 |l MMSKP |s P |a 0 |w stuzp50062_0001 | ||
| SQL | |a stuzp50062 |b DBP |c SLO |d Návrh opatrení na inováciu nástrojov marketingového mixu v spoločnosti VETROPACK NEMŠOVÁ s.r.o. |e 47258 |f Rudnický, Tomáš |g 064000 |h 2819 |i Babčanová, Dagmar |j 20150625 |k 175 |l 06 |m http://is.stuba.sk/zp/portal_zp.pl?podrobnosti=121123 |n B-PMA |o 5.2.52. priemyselné inžinierstvo | ||